[Event "Dresden Vdes op"]
[Site "Dresden"]
[Date "2000.01.28"]
[Round "4"]
[White "Gottsmann, Lothar"]
[Black "Ott, Markus"]
[Result "1/2-1/2"]
[WhiteElo "1430"]
[BlackElo "1338"]
[PlyCount "54"]
[EventDate "2000.01.26"]
[EventType "swiss"]
[EventRounds "7"]
[EventCountry "GER"]
[SourceTitle "EXT 2001"]
[Source "ChessBase"]
[SourceDate "2000.11.22"]
[SourceVersion "1"]
[SourceVersionDate "2000.11.22"]
[SourceQuality "1"]

1. e4 c5 2. Nf3 Nc6 3. d4 cxd4 4. Nxd4 d6 5. Bb5 Bd7 6. 0-0 Nf6 7. Re1 g6 8. Nc3 Bg7 9. Nxc6 Bxc6 10. Bxc6+ bxc6 11. Qf3 0-0 12. Bd2 c5 13. Rad1 Rb8 14. b3 Qc7 15. Nd5 Nxd5 16. exd5 a5 17. a4 c4 18. Re4 cxb3 19. cxb3 Qc2 20. Bxa5 Rxb3 21. Qe2 Qxe2 22. Rxe2 Ra8 23. Be1 Rxa4 24. Rxe7 Bc3 25. Re8+ Kg7 26. Kf1 Bxe1 27. Kxe1 Rb5 1/2-1/2

[Event "Dresden Vdes op"]
[Site "Dresden"]
[Date "2000.01.27"]
[Round "2"]
[White "Ott, Markus"]
[Black "Dietze, Frank Heinz"]
[Result "0-1"]
[WhiteElo "1338"]
[BlackElo "2200"]
[PlyCount "98"]
[EventDate "2000.01.26"]
[EventType "swiss"]
[EventRounds "7"]
[EventCountry "GER"]
[SourceTitle "EXT 2001"]
[Source "ChessBase"]
[SourceDate "2000.11.22"]
[SourceVersion "1"]
[SourceVersionDate "2000.11.22"]
[SourceQuality "1"]

1. e4 c5 2. Nf3 Nc6 3. d4 cxd4 4. Nxd4 g6 5. Nxc6 bxc6 6. Qd4 Nf6 7. e5 Ng8 8. Bc4 Bg7 9. Qf4 Qa5+ 10. Nc3 Qxe5+ 11. Qxe5 Bxe5 12. Bd2 d5 13. Bb3 Bg7 14. Rb1 Nf6 15. 0-0 0-0 16. Ne2 e5 17. c3 Ba6 18. Rfe1 Rad8 19. Bg5 Rd7 20. f3 h6 21. Bh4 Re8 22. Rbd1 e4 23. fxe4 g5 24. Bg3 Bxe2 25. Rxe2 Nxe4 26. Bc2 f5 27. Ba4 Rc8 28. Bf2 Re7 29. Bc5 Re6 30. Bf2 Kf7 31. Bb3 Nxc3 32. Rxe6 Nxd1 33. Re1 Nxf2 34. Kxf2 Bxb2 35. Re2 Bd4+ 36. Kf1 f4 37. Rc2 Ke6 38. Ba4 c5 39. Re2+ Be3 40. Rb2 c4 41. Ke2 Bb6 42. Bb5 d4 43. Kd1 d3 44. Rb4 Kd5 45. Bd7 Rc7 46. Bg4 Kd4 47. Bf3 Re7 48. Rb5 Re5 49. Rb4 Ba5 0-1